| 000 | 01110cam a2200229 4500 | ||
|---|---|---|---|
| 001 | WB3830-08 | ||
| 008 | 020813n2002 000 0 eng u | ||
| 035 | _a(Sirsi) u119313 | ||
| 245 | _aRight to buy housing | ||
| 260 | _c2002 | ||
| 490 |
_aScottish Executive Press Release _v 12 August 2002, (2) |
||
| 520 | _aScottish Executive publishes guidance on further aspects of the Housing (Scotland) Act 2001. Guidance will provide detailed explanation of the Scottish Secure Tenancy and the right to buy provisions of the Housing (Scotland) Act 2001. The two separate documents include how the new provisions for the Scottish secure and short Scottish secure tenancies will work and how the new 'modernised' right to buy will operate. For the news release including link to both documents. http://www.scotland.gov.uk/pages/news/2002/08/SESJ042.aspx For | ||
| 590 | _aWB | ||
| 650 | _aSCOTLAND | ||
| 650 | _aRIGHT TO BUY | ||
| 650 | _aHOUSING (SCOTLAND) ACT 2001 | ||
| 650 | _aSECURE TENANCY | ||
| 650 | _aSOCIAL LANDLORDS | ||
| 650 | _aSTOCK TRANSFER | ||
| 690 | _aHOUSING-DEVELOPMENT | ||
| 942 | _n0 | ||
| 999 |
_c70935 _d70935 |
||